000 00697nam a2200253Ia 4500
003 OSt
005 20221006145001.0
006 a|||||r|||| 00| 0
007 ta
008 221006b |||||||| |||| 00| 0 eng d
020 _a0214203514
_cP5.50
024 _a13,420
037 _cTextual
040 _aEASL
_cEASL
_beng
041 _2eng
_aeng
082 _aV4295.N7, L6
100 _aLUMLEY F A
_9653290
245 0 _aRepublic of China under Chiang Kai-Shek
_b Taiwan today
260 _aLondon
_bBarrie & Jenkins
_c1976
300 _a168p.
_ccm.
490 _v CEL
_aWorld Realities Series
942 _hV4295.N7, L6
_cTEXL
_2CC
999 _c1081506
_d1081506